Les noms de Mammifères par lettres -C - Statistiques

Statistiques générales
  • Ce quiz a été pris 137 fois
  • Le résultat moyen est 18 sur 50
Statistiques - réponses
Par images Réponse % Correct
Chameau
100%
Cheval
100%
Chien
100%
Cochon
100%
Chat
99%
Cerf
96%
Chimpanzé
96%
Chauve-souris
92%
Chèvre
89%
Cachalot
85%
Castor
84%
Cochon d'Inde
83%
Chinchilla
72%
Capybara / Cabiaï
63%
Chevreuil
63%
Coyote
60%
Chamois
56%
Caribou
54%
Chacal
54%
Caracal
46%
Chien de prairie
33%
Campagnol
29%
Coati
29%
Capucin
25%
Cobaye
20%
Colobe
20%
Civette
17%
Cercopithèque
12%
Couscous
9%
Cobe
8%
Condylure
7%
Chevrotain
6%
Chaus
5%
Coendou
5%
Cerf porte-musc
3%
Chat-marsupial
3%
Colocolo
3%
Crossope
3%
Céphalophe
2%
Crocidure
2%
Cercocèbe
1%
Chirogale
1%
Calimico
0%
Campagnol-lemming
0%
Coleoure
0%
Coruco
0%
Cricétome
0%
Cténomys
0%
Cynomope
0%
Cynoptère
0%
Aucun quiz correspondant
Distribution des résultats
% des personnes avec chaque résultat
Percentile par nombre de réponses
Votre historique - résultats
Vous n’avez pas pris ce quiz